00538nam a2200133 a 450000100100000000500170001000800410002704000250006810000310009324501390012426000790026330000200034250000420036200003836820201002031235.0130409s1978 cr 000 0 spa d aDO-SdBNPbspacBNPHU1 aGuzmán M., José Miguel10aRepública Dominicana :bestimación de la mortalidad basada en la encuesta nacional de fecundidad 1975 /cJosé Miguel Guzmán M. aSan José, Costa Rica :bCentro Latinoaméricano de Demografía,c1978. a68 p. ;c29 cm. aIncluye notas al pie de las páginas